000 004120000a22001570004500
003 MACL
005 20211210175425.0
008 170926b xxu||||| |||| 00| 0 eng d
040 _cmacl
100 _aओशो
_948101
245 _aमुक्ति की आकांक्षा
260 _bफैशन बुक
_c2006
350 _a400
650 _aदर्शन
_969221
942 _cHIN
_k100
_2ddc
999 _c10478
_d10478